00412 2200169 4500245004800000020002200048250001100070100001700081700001800098650001800116005001900134260003100153041001400184084001000198300002500208336000900233 aCitra Karyawan DisiplincYudi PermadihText a978-979-99898-4-0 aCet. 1 aYudi Permadi aTim Semiotika aEtika Profesi a20230413085953 aBandungbSanggabuanac2013 aIndonesia a174.1 a132 hlm. :c20.5 cm. atext